000 00591nam a2200205 a 4500
005 20210223125345.0
008 040423s1998 mx r 000 0 spa d
020 _a9507248080
035 _aUPN01000133087
049 _aCG
050 4 _aHQ79
_bH5.4
100 1 _aHill, Ricardo
245 1 0 _aLo social, sexual, inmortal :
_bel "sadismo" en la vida cotidiana /
_cRicardo Hill.
260 _aBuenos Aires :
_bLumen-Hvmanitas,
_cc1998.
300 _a127 p.
650 4 _aSADISMO
_917566
650 4 _aSEXO EN LA LITERATURA
_913480
650 4 _aSEXO EN LA CINEMATOGRAFIA
905 _aLibro
999 _c105240
_d105240